1276 1842 1780 1520 1353 1183 1874 1442 1826 1396 1727 1494 1091 1445 1344 1506 1309 1498 1282 1150 1258 1643 1919 1995 1364 1672 1749 1384 1215 1459 1917 1180 1312 1314 1697 1229 1798 1087 1958 1461 1472 1412 1300 1062 1624 1074 1486 1766 1935 1391 1545 1586 1493 1059 1756 1772 1655 1449 1980 1471 1031 1144 1801 1314 1991 1366 1327 1878 1627 1270 1459 1610 1225 1068 1569 1809 1084 1118 1863 1621 1138 1388 1941 1286 1203 1950 1599 1776 1618 1029 1383 1788 1791 1354 1338 1507 1963 1944 1162 BCNSPRNW ULIB Ver.6.0+V

เปลี่ยนเป็นภาษาไทย

Change to English
 แสดงรายละเอียดบรรณานุกรม
  กลับหน้าหลัก

Brief Record : Get Marc (ISO 2709) : E-mail record : QR code < ปิดหน้าต่าง
LEADER : 00000nam 2200000uu 4500
001    13399113566
003     ULIB
008    111128s2552||||th 000 0 tha d
020    ^a9786117059049
090    ^aนว.^bร191ฟ 2552
100 0  ^aร้อยเรียงฝัน
245 00 ^aไฟเสน่หา/^cร้อยเรียงฝัน
250    ^aพิมพ์ครั้งที่ 2
260    ^aกรุงเทพฯ :^bivy,^c2552
300    ^a413 หน้า
710 1  ^aivy
945    ^p270^l0^i16418
995    ^aกัณชพร
999    ^aใช้งานได้ทุกระบบ
รายการนี้ยังไม่มีแท็ก
คุณยังไม่ได้ล็อกอิน คุณสามารถมีกิจกรรมร่วมกับเว็บไซต์ได้ แต่ต้องล็อกอินก่อน ::
  ล็อกอิน

รายการสื่อสารสนเทศ

ลำดับที่ ประเภท เลขเรียก/บาร์โค้ด สถานที่ สถานะ
1. นวนิยาย
นวนิยาย
นว. ร191ฟ 2552  
  Barcode: 16418
ห้องสมุดวิทยาเขตสวรรค์ประชารักษ์
►นวนิยาย
บนชั้น
  ขอยืม

BibComment


ยังไม่เคยถูกคอมเมนท์

คอมเมนท์ทรัพยากรรายการนี้
  คอมเมนท์: ไฟเสน่หา ร้อยเรี..


 Copyright 2026. Bcnsprnw @Library